000 00540nam a2200193Ia 4500
005 20250508162947.0
008 008 250505s9999 xx 000 0 eng d
020 _a0-521-39865-7
037 _aTextual
040 _aFEDL
_beng
_cFEDL
041 _aeng
_2eng
084 _a199.492, GAR
_qFEDL
100 _aGarrett Don Ed.
245 0 _aCambridge companion to spinoza
260 _aCambridge, UK
_bCambridge University Press
_c1996
300 _axiii,465p
942 _cTEXL
_h199.492, GAR
999 _c1379644
_d1379644